| 000 | 00956nam a22002537a 4500 | ||
|---|---|---|---|
| 005 | 20240530110430.0 | ||
| 008 | 150330s2003 su o f 001 0 ara d | ||
| 017 |
_a1424/1040 _bالسعودية . مكتبة الملك فهد |
||
| 020 | _a9960403157 | ||
| 020 | _a0237519658 | ||
| 040 | _aEG-CaGPL | ||
| 082 | 0 | 4 |
_221 _a331 _bط/ف س |
| 100 | 1 | _aفوكس ، ديبورا | |
| 245 | 1 | 2 |
_aالمتاجر / _cديبورا فوكس ؛ مركز التعريب والترجمة بمكتبة العبيكان |
| 250 | _aط1 | ||
| 260 |
_aالرياض : _bمكتبة العبيكان ، _c2003 |
||
| 300 |
_a27 ص : _bصور لو ؛ _c30 سم |
||
| 490 | 0 | _aسلسلة اعمال الناس | |
| 650 | 0 | 4 | _aالعمل والعمال |
| 650 | 0 | 4 |
_aالمتاجر _xكتب الاطفال |
| 710 | 2 |
_aمركز التعريب والترجمة بمكتبة العبيكان _eمترجم |
|
| 942 |
_2ddc _cBK |
||
| 999 |
_c60823 _d60823 |
||